[Event "Salon de Provence op 4th"]
[Site "Salon de Provence"]
[Date "2009.04.28"]
[Round "7"]
[White "Farjon, Yves"]
[Black "Ducrocq, Christophe"]
[Result "1-0"]
[WhiteElo "1592"]
[BlackElo "1399"]
[PlyCount "83"]
[EventDate "2009.04.24"]
[EventType "swiss"]
[EventRounds "7"]
[EventCountry "FRA"]
[SourceTitle "EXT 2010"]
[Source "ChessBase"]
[SourceDate "2010.11.25"]
[SourceVersion "1"]
[SourceVersionDate "2010.11.25"]
[SourceQuality "1"]

1. e4 e5 2. Nf3 Nc6 3. Bb5 Bc5 4. 0-0 Qf6 5. c3 Nge7 6. d3 0-0 7. Bg5 Qe6 8. d4 exd4 9. cxd4 Bxd4 10. Nxd4 Qe5 11. Bxe7 Nxe7 12. Nc3 d5 13. f4 Qd6 14. e5 Qd8 15. Qh5 c6 16. Bd3 g6 17. Qf3 Qb6 18. Qf2 c5 19. Nf3 Bd7 20. Rab1 Bc6 21. b4 c4 22. Qxb6 axb6 23. Bc2 b5 24. Nd4 Ra3 25. Rf3 Rfa8 26. Rb2 Bd7 27. h3 h5 28. Bb1 R8a7 29. Kf2 Kg7 30. Ndxb5 Bxb5 31. Nxb5 Rxf3+ 32. Kxf3 Ra8 33. Rd2 Rd8 34. a4 Nf5 35. Bxf5 gxf5 36. a5 Kg6 37. Nd6 Rd7 38. Rxd5 Rc7 39. Rd2 Rd7 40. Rc2 f6 41. Rxc4 fxe5 42. fxe5 1-0